00403 2200157 4500001002100000008004100021035002000062245003000082100002100112260003100133300002100164020000600185082001000191650003100201990001300232INLIS000000000000318 ind  a0010-0423000318 aDONGENG ANAK-ANAK SEDUNIA aMB. RAHIMSYAH AR aSURABAYAbSERBA JAYAc2009 a144 hlm.c21 cm. a- a398.5 aBUKU-BUKU DONGENG , BALADA a102710-1